TV Debuts: 2010 Quiz Stats

Quiz Updated Oct 19, 2017

Also try: TV Debuts: 1995
Challenge
Share
Tweet
Score 0/20 Timer 05:00
3 Plays Today
Hint Answer % Correct
Conan
81.1%
Sherlock
79.3%
Downton Abbey
78.1%
Mike & Molly
73.3%
The Walking Dead
62.9%
My Little Pony: Friendship is Magic
62.7%
Boardwalk Empire
61.5%
Storage Wars
56%
Adventure Time
52.4%
Pretty Little Liars
52.4%
Hint Answer % Correct
Hawaii Five-O
51.7%
Hot in Cleveland
49.7%
Louie
48.5%
Spartacus: Blood and Sand
42.8%
Justified
40.2%
Melissa & Joey
36.8%
Raising Hope
34.2%
Cupcake Wars
33.3%
Nikita
25.4%
Gold Rush
13.6%

You're not logged in!

Compare scores with friends on all Sporcle quizzes.
Sign Up with Email
OR
Log In

You Might Also Like...

Show Comments

Extras

Top Quizzes Today


Score Distribution

Your Account Isn't Verified!

In order to create a playlist on Sporcle, you need to verify the email address you used during registration. Go to your Sporcle Settings to finish the process.